| Tag |
First Indicator |
Second Indicator |
Subfields |
| LEADER |
00000cam a2200000 i 4500 |
| 001 |
in00000161721 |
| 005 |
20151006070311.0 |
| 008 |
770202s1976 onca b f00010 eng d |
| 035 |
|
|
|a (OCoLC)02714924
|
| 035 |
|
|
|9 AAR9542AM
|
| 040 |
|
|
|a CLU
|c CLU
|d TXA
|d UtOrBLW
|
| 043 |
|
|
|a n------
|
| 049 |
|
|
|a TXAM
|c [1557449]
|
| 090 |
|
|
|a QL535.1
|b .T47
|
| 100 |
1 |
|
|a Teskey, H. J.
|
| 245 |
1 |
0 |
|a Diptera larvae associated with trees in North America /
|c H. J. Teskey.
|
| 264 |
|
1 |
|a Ottawa :
|b Entomological Society of Canada,
|c 1976.
|
| 300 |
|
|
|a 53 pages :
|b illustrations ;
|c 26 cm.
|
| 336 |
|
|
|a text
|b txt
|2 rdacontent
|
| 337 |
|
|
|a unmediated
|b n
|2 rdamedia
|
| 338 |
|
|
|a volume
|b nc
|2 rdacarrier
|
| 490 |
1 |
|
|a Memoirs of the Entomological Society of Canada ; no. 100
|
| 504 |
|
|
|a Bibliography: pages 35-40.
|
| 650 |
|
0 |
|a Diptera
|z North America.
|
| 830 |
|
0 |
|a Memoirs of the Entomological Society of Canada ;
|v no. 100.
|
| 999 |
|
|
|a MARS
|
| 999 |
f |
f |
|s 51bc486d-dfd5-3e3c-87bc-294e9c3244be
|i a13f7874-c1c3-3458-935e-da70adeed115
|t 0
|
| 952 |
f |
f |
|p ric
|a Texas A&M University
|b Rellis Campus
|c Joint Library Facility
|d Remote Storage
|t 0
|e QL535.1 .T47
|h Library of Congress classification
|i unmediated -- volume
|m A14804948922
|
| 998 |
f |
f |
|a QL535.1 .T47
|t 0
|l Remote Storage
|